[Event "LSS RF-2009-0-00028"]
[Site "LSS email"]
[Date "2009.03.14"]
[Round "?"]
[White "Rzepka, Piotr"]
[Black "Goti, Javier"]
[Result "0-1"]
[WhiteElo "1185"]
[BlackElo "983"]
[PlyCount "78"]
[EventDate "2009.01.30"]
[EventType "tourn (corr)"]
[EventRounds "6"]
[EventCountry "GER"]
[SourceTitle "Corr 2011"]
[Source "ChessBase"]
[SourceDate "2010.08.31"]
[SourceVersion "1"]
[SourceVersionDate "2010.08.31"]
[SourceQuality "1"]

1. e4 c5 2. Nf3 d6 3. d4 cxd4 4. Nxd4 Nf6 5. Nc3 a6 6. Bd3 e5 7. Nf3 Be7 8. 0-0 0-0 9. h3 Nc6 10. a3 Be6 11. b3 b5 12. Re1 d5 13. exd5 Nxd5 14. Nxd5 Bxd5 15. Nxe5 Nd4 16. Nf3 Bf6 17. Nxd4 Bxd4 18. Rb1 Qf6 19. Be3 Bc3 20. Bd2 Bd4 21. Be3 Ba7 22. Bxa7 Rxa7 23. Qd2 Re7 24. Rxe7 Qxe7 25. a4 Qb7 26. axb5 Bxg2 27. f4 Bxh3 28. Re1 Qb6+ 29. Qf2 Qh6 30. Bf1 Qg6+ 31. Bg2 axb5 32. Kh2 Be6 33. f5 Qh5+ 34. Bh3 Bc8 35. Qg3 f6 36. c4 bxc4 37. bxc4 Bxf5 38. Kg2 Bxh3+ 39. Qxh3 Qxh3+ 0-1

[Event "CFriend RL-2005-0-00031 email"]
[Site "Chessfriend.com"]
[Date "2005.02.22"]
[Round "1"]
[White "Vio, Mauro"]
[Black "Rzepka, Piotr"]
[Result "1/2-1/2"]
[WhiteElo "1211"]
[BlackElo "1185"]
[PlyCount "57"]
[EventDate "2005.02.22"]
[EventType "tourn (corr)"]
[EventRounds "6"]
[SourceTitle "Corr 2008"]
[Source "ChessBase"]
[SourceDate "2008.06.24"]
[SourceVersion "1"]
[SourceVersionDate "2008.06.24"]
[SourceQuality "1"]

1. c4 e5 2. Nc3 Nc6 3. Nf3 Nf6 4. d4 e4 5. Nd2 Bb4 6. d5 Ne5 7. Qc2 0-0 8. Ncxe4 Nxe4 9. Qxe4 d6 10. a3 Bc5 11. Nb3 f5 12. Qc2 Bb6 13. g3 a5 14. a4 Qe8 15. Bg2 Bd7 16. 0-0 Bxa4 17. Qc3 Bxb3 18. Qxb3 Qh5 19. Qc2 Rae8 20. h3 Ng6 21. e3 Ne5 22. Bd2 Qe2 23. b3 f4 24. gxf4 Nf3+ 25. Bxf3 Qxf3 26. Kh2 Rxf4 27. Qd1 Qxd1 28. Raxd1 Rff8 29. Ra1 1/2-1/2

[Event "CFriend SL-2004-0-00020 email"]
[Site "Chessfriend.com"]
[Date "2004.06.15"]
[Round "1"]
[White "De Backer, Joeri"]
[Black "Rzepka, Piotr"]
[Result "0-1"]
[WhiteElo "1013"]
[BlackElo "1185"]
[PlyCount "52"]
[EventDate "2004.??.??"]
[EventType "tourn (corr)"]
[EventRounds "12"]
[SourceTitle "Corr 2008"]
[Source "ChessBase"]
[SourceDate "2008.06.24"]
[SourceVersion "1"]
[SourceVersionDate "2008.06.24"]
[SourceQuality "1"]

1. e4 e5 2. Nf3 Nc6 3. Bb5 Nf6 4. 0-0 d6 5. d4 Bd7 6. d5 Nb4 7. Qe2 c6 8. dxc6 Nxc6 9. Rd1 a6 10. Bxc6 bxc6 11. Na3 h6 12. Nc4 Qc7 13. Bd2 a5 14. Qe1 a4 15. Ba5 Qa7 16. b4 Qb8 17. h3 Be7 18. Rd3 Be6 19. Nb6 Ra7 20. Nxa4 Bc4 21. Rdd1 0-0 22. a3 Qb7 23. Qe3 Rb8 24. Nd2 Be6 25. c4 Nd7 26. Qd3 Nf8 0-1

[Event "CFriend SL-2004-0-00020 email"]
[Site "Chessfriend.com"]
[Date "2004.06.15"]
[Round "1"]
[White "McNally, Tony"]
[Black "Rzepka, Piotr"]
[Result "0-1"]
[WhiteElo "1104"]
[BlackElo "1185"]
[PlyCount "78"]
[EventDate "2004.??.??"]
[EventType "tourn (corr)"]
[EventRounds "12"]
[SourceTitle "Corr 2008"]
[Source "ChessBase"]
[SourceDate "2008.06.24"]
[SourceVersion "1"]
[SourceVersionDate "2008.06.24"]
[SourceQuality "1"]

1. d4 Nf6 2. Bg5 d5 3. Bxf6 exf6 4. e3 Bf5 5. c4 Bb4+ 6. Nc3 Nc6 7. a3 Bxc3+ 8. bxc3 0-0 9. cxd5 Qxd5 10. Ne2 Rae8 11. Nf4 Qa5 12. Qd2 Rd8 13. Bd3 Bxd3 14. Qxd3 Ne5 15. Qc2 Nc4 16. 0-0 c6 17. Rfb1 b6 18. Rb4 b5 19. Nd3 Qc7 20. a4 a5 21. Rb3 Rd5 22. Nc5 Rh5 23. h3 Nd6 24. Qe2 Rg5 25. axb5 cxb5 26. h4 Rg6 27. h5 Rh6 28. Rab1 a4 29. Qf3 axb3 30. Rxb3 f5 31. Ra3 Ne4 32. Qxf5 Nxc5 33. dxc5 Rc6 34. h6 Rxh6 35. f4 Rc6 36. Qd3 Rxc5 37. Rb3 Rd8 38. Qe2 Qd6 39. Kf2 Qd2 0-1

[Event "CFriend SL-2004-0-00020 email"]
[Site "Chessfriend.com"]
[Date "2004.06.15"]
[Round "1"]
[White "Rzepka, Piotr"]
[Black "Nakamura, Senri"]
[Result "1-0"]
[WhiteElo "1185"]
[BlackElo "1360"]
[PlyCount "63"]
[EventDate "2004.??.??"]
[EventType "tourn (corr)"]
[EventRounds "12"]
[SourceTitle "Corr 2008"]
[Source "ChessBase"]
[SourceDate "2008.06.24"]
[SourceVersion "1"]
[SourceVersionDate "2008.06.24"]
[SourceQuality "1"]

1. e4 e6 2. d4 d5 3. Nc3 Bb4 4. e5 c5 5. a3 Bxc3+ 6. bxc3 Ne7 7. Nf3 Bd7 8. dxc5 Qc7 9. Bd3 Ba4 10. Rb1 Nd7 11. Rb4 Bc6 12. 0-0 Nxc5 13. Be3 b6 14. Re1 Rc8 15. Bxc5 bxc5 16. Rh4 h6 17. c4 d4 18. Nd2 0-0 19. Nb3 Ng6 20. Bxg6 fxg6 21. Rg4 Be8 22. Rg3 Rb8 23. Nc1 Rf5 24. Qe2 g5 25. Rb3 Bg6 26. Nd3 Rff8 27. Rb5 a6 28. Rb3 Rxb3 29. cxb3 Rb8 30. b4 cxb4 31. Nxb4 Rb6 32. Na2 1-0

[Event "CFriend RL-2004-0-00021 email"]
[Site "Chessfriend.com"]
[Date "2004.05.08"]
[Round "?"]
[White "Jordaan, Wayne"]
[Black "Rzepka, Piotr"]
[Result "0-1"]
[WhiteElo "1660"]
[BlackElo "1146"]
[PlyCount "94"]
[EventDate "2004.??.??"]
[EventType "tourn (corr)"]
[EventRounds "5"]
[SourceTitle "Corr 2008"]
[Source "ChessBase"]
[SourceDate "2008.06.24"]
[SourceVersion "1"]
[SourceVersionDate "2008.06.24"]
[SourceQuality "1"]

1. d4 Nf6 2. Nf3 g6 3. g3 Bg7 4. Bg2 0-0 5. 0-0 d5 6. Nbd2 Bf5 7. c4 Nc6 8. cxd5 Qxd5 9. Ne5 Qxd4 10. Nxc6 bxc6 11. Bxc6 Rab8 12. Nb3 Qc4 13. Bf3 Rfd8 14. Qe1 Ne4 15. Bg2 Qa6 16. Qa5 Qxa5 17. Nxa5 Nd2 18. Rd1 Nf3+ 19. Bxf3 Rxd1+ 20. Kg2 Bc2 21. e3 Rd6 22. a4 Rb4 23. Nc6 Rxa4 24. Rxa4 Bxa4 25. Nxe7+ Kf8 26. Nd5 Rc6 27. Nc3 Bxc3 28. bxc3 Rxc3 29. Bb2 Rc2 30. Bd4 a5 31. Bd1 Rc4 32. Bxa4 Rxa4 33. Bc5+ Ke8 34. Kf3 Kd7 35. h4 Ke6 36. Bf8 Kd5 37. Be7 Rc4 38. h5 gxh5 39. Bf8 h4 40. gxh4 Rxh4 41. Be7 Rc4 42. Kg3 c5 43. Bf6 a4 44. Bb2 Rb4 45. Bg7 a3 46. f3 Rd4 47. exd4 cxd4 0-1

[Event "CFriend RL-2004-0-00021 email"]
[Site "Chessfriend.com"]
[Date "2004.05.08"]
[Round "?"]
[White "Rzepka, Piotr"]
[Black "Fiorini, Vittorio"]
[Result "1/2-1/2"]
[WhiteElo "1146"]
[BlackElo "1311"]
[PlyCount "98"]
[EventDate "2004.??.??"]
[EventType "tourn (corr)"]
[EventRounds "5"]
[SourceTitle "Corr 2008"]
[Source "ChessBase"]
[SourceDate "2008.06.24"]
[SourceVersion "1"]
[SourceVersionDate "2008.06.24"]
[SourceQuality "1"]

1. e4 c5 2. Nf3 d6 3. Nc3 Nf6 4. e5 dxe5 5. Nxe5 Nbd7 6. d4 cxd4 7. Qxd4 Nxe5 8. Qxe5 a6 9. Be2 e6 10. Bf4 Bd7 11. 0-0-0 Rc8 12. Kb1 Qb6 13. Be3 Qc7 14. Qxc7 Rxc7 15. Bb6 Rc8 16. Bd4 Bc6 17. f3 Be7 18. Rhe1 b5 19. a4 bxa4 20. Bxa6 Rb8 21. Be5 Rb6 22. Bc4 0-0 23. Bc7 Rb7 24. Bd6 Ra8 25. Bxe7 Rxe7 26. Rd6 Rc7 27. Red1 Kf8 28. Bb5 Bxb5 29. Nxb5 Rc5 30. Rd8+ Rxd8 31. Rxd8+ Ke7 32. Rb8 Nd7 33. Rb7 Rg5 34. g3 Rh5 35. Nc3 Rxh2 36. Nxa4 Kd6 37. Nb6 Nxb6 38. Rxb6+ Kc7 39. Rb3 Rg2 40. Rc3+ Kb6 41. f4 h5 42. Kc1 Rh2 43. Kd1 h4 44. gxh4 Rxh4 45. Rf3 g6 46. Kd2 Kc5 47. Kd3 Rh2 48. Re3 Rf2 49. Re4 Rf3+ 1/2-1/2

[Event "CFriend RL-2004-0-00021 email"]
[Site "Chessfriend.com"]
[Date "2004.05.08"]
[Round "?"]
[White "Slavin, Pablo"]
[Black "Rzepka, Piotr"]
[Result "1-0"]
[WhiteElo "1352"]
[BlackElo "1146"]
[PlyCount "83"]
[EventDate "2004.??.??"]
[EventType "tourn (corr)"]
[EventRounds "5"]
[SourceTitle "Corr 2008"]
[Source "ChessBase"]
[SourceDate "2008.06.24"]
[SourceVersion "1"]
[SourceVersionDate "2008.06.24"]
[SourceQuality "1"]

1. e4 e5 2. d4 exd4 3. Nf3 Nc6 4. Bc4 h6 5. 0-0 Nf6 6. Nxd4 Ne5 7. Bd3 Nxd3 8. Qxd3 d6 9. Re1 c5 10. Nb5 g5 11. Qc3 Be7 12. e5 dxe5 13. Qxe5 Kf8 14. N1c3 Rh7 15. Rd1 Bd7 16. Be3 b6 17. h3 Rg7 18. Nc7 Rc8 19. N7d5 Rc6 20. Nxe7 Re6 21. Nc6 Rxc6 22. Nd5 Be8 23. c4 Re6 24. Qf5 Nxd5 25. Rxd5 Qf6 26. Qxf6 Rxf6 27. b4 g4 28. h4 g3 29. bxc5 Bc6 30. Bd4 Bxd5 31. cxd5 gxf2+ 32. Kf1 Rf5 33. Bxg7+ Kxg7 34. Rd1 Kf8 35. c6 Ke8 36. d6 Rc5 37. d7+ Kd8 38. Rd6 Rc2 39. Rxh6 Rc1+ 40. Kxf2 Rc2+ 41. Ke3 Rc3+ 42. Kd2 1-0

[Event "CFriend SL-2004-0-00018 email"]
[Site "Chessfriend.com"]
[Date "2004.04.15"]
[Round "?"]
[White "Marolt, Tone"]
[Black "Rzepka, Piotr"]
[Result "1/2-1/2"]
[WhiteElo "1175"]
[BlackElo "1146"]
[PlyCount "51"]
[EventDate "2004.??.??"]
[EventType "tourn (corr)"]
[EventRounds "12"]
[SourceTitle "Corr 2008"]
[Source "ChessBase"]
[SourceDate "2008.06.24"]
[SourceVersion "1"]
[SourceVersionDate "2008.06.24"]
[SourceQuality "1"]

1. e4 e5 2. Nc3 Nc6 3. f4 exf4 4. Nf3 g5 5. h4 g4 6. Ng5 h6 7. Nxf7 Kxf7 8. Bc4+ d5 9. Bxd5+ Ke8 10. d4 Bg7 11. Bxf4 Bxd4 12. Qd2 Nge7 13. 0-0-0 Bg7 14. Qe3 Bd7 15. e5 Nxd5 16. Nxd5 Be6 17. Nf6+ Bxf6 18. Rxd8+ Bxd8 19. Bxh6 Be7 20. Bg5 Rh5 21. Bf6 Bxa2 22. b3 Ba3+ 23. Kd1 Be7 24. Qe4 Rd8+ 25. Ke2 Nd4+ 26. Kf2 1/2-1/2

[Event "CFriend SL-2004-0-00018 email"]
[Site "Chessfriend.com"]
[Date "2004.04.15"]
[Round "1"]
[White "McNally, Tony"]
[Black "Rzepka, Piotr"]
[Result "1-0"]
[WhiteElo "1104"]
[BlackElo "1185"]
[PlyCount "75"]
[EventDate "2004.??.??"]
[EventType "tourn (corr)"]
[EventRounds "12"]
[SourceTitle "Corr 2008"]
[Source "ChessBase"]
[SourceDate "2008.06.24"]
[SourceVersion "1"]
[SourceVersionDate "2008.06.24"]
[SourceQuality "1"]

1. d4 Nf6 2. Bg5 e6 3. e4 Be7 4. Nd2 d5 5. e5 Ne4 6. Bxe7 Qxe7 7. Nxe4 dxe4 8. Qd2 0-0 9. 0-0-0 Nc6 10. c3 f6 11. f4 Bd7 12. Nh3 Rad8 13. exf6 Qxf6 14. Re1 Ne7 15. Rxe4 Bc6 16. Re1 Ng6 17. Bc4 Bd5 18. Bxd5 exd5 19. g3 Qf5 20. Ng5 Rf6 21. Re2 Ra6 22. a3 h6 23. Nf3 Re6 24. Rxe6 Qxe6 25. Qd3 Qe4 26. Qxe4 dxe4 27. Ne5 Nxe5 28. dxe5 Kf7 29. Re1 Ke6 30. Rxe4 g5 31. Rc4 Rc8 32. Kd2 c5 33. b4 Rd8+ 34. Ke3 cxb4 35. cxb4 Rd7 36. Ke4 Rf7 37. Rd4 Ke7 38. f5 1-0

[Event "CFriend SL-2004-0-00018 email"]
[Site "Chessfriend.com"]
[Date "2004.04.15"]
[Round "1"]
[White "Voiculescu, Costel"]
[Black "Rzepka, Piotr"]
[Result "1-0"]
[WhiteElo "1563"]
[BlackElo "1185"]
[PlyCount "79"]
[EventDate "2004.??.??"]
[EventType "tourn (corr)"]
[EventRounds "12"]
[SourceTitle "Corr 2008"]
[Source "ChessBase"]
[SourceDate "2008.06.24"]
[SourceVersion "1"]
[SourceVersionDate "2008.06.24"]
[SourceQuality "1"]

1. e4 e5 2. Nf3 Nc6 3. Bc4 Nf6 4. 0-0 Be7 5. d4 exd4 6. e5 Ne4 7. c3 d5 8. Bb3 dxc3 9. Bxd5 cxb2 10. Bxb2 Nc5 11. Bxc6+ bxc6 12. Qxd8+ Kxd8 13. Rd1+ Ke8 14. Nd4 Bg4 15. f3 Na4 16. Ba3 Bd7 17. Bxe7 Kxe7 18. Rc1 Rhd8 19. Na3 c5 20. Nb3 Rab8 21. Nxc5 Nxc5 22. Rxc5 c6 23. Ra5 Rb7 24. Nc4 Be6 25. Nd6 Rbd7 26. Rc1 Bd5 27. Nf5+ Kf8 28. Nd4 Re8 29. Rcc5 Rxe5 30. Nxc6 Re1+ 31. Kf2 Rd1 32. Ne5 Rd8 33. Rxa7 Rd2+ 34. Kg3 Bxa2 35. Rcc7 f6 36. Nd7+ Kg8 37. Nc5 Bb1 38. Ne6 Re8 39. Nxg7 Rf8 40. Ne6 1-0

[Event "IECG QF.2004.0.00051"]
[Site "IECG email"]
[Date "2004.01.16"]
[Round "1"]
[White "De Paula Collecta, Zaqueu"]
[Black "Rzepka, Piotr"]
[Result "0-1"]
[WhiteElo "1000"]
[BlackElo "1133"]
[PlyCount "47"]
[EventDate "2004.01.16"]
[EventType "tourn (corr)"]
[EventRounds "6"]
[SourceTitle "Corr 2008"]
[Source "ChessBase"]
[SourceDate "2008.06.24"]
[SourceVersion "1"]
[SourceVersionDate "2008.06.24"]
[SourceQuality "1"]

1. d4 Nf6 2. c4 a6 3. Nc3 e6 4. e4 d5 5. e5 Ne4 6. Bd3 Nxc3 7. bxc3 c5 8. cxd5 Qxd5 9. Nf3 Nc6 10. 0-0 cxd4 11. Nxd4 Nxe5 12. Re1 Qa5 13. Bf4 Nxd3 14. Qxd3 Be7 15. Nb3 Qh5 16. Bd6 Bf6 17. Nc5 Be7 18. Rad1 Qh4 19. Bg3 Qh5 20. Bd6 Bf6 21. Ne4 Bd7 22. Be7 Bxe7 23. Qxd7+ Kf8 24. Qxb7 0-1

[Event "IECG QF.2004.0.00051"]
[Site "IECG email"]
[Date "2004.01.16"]
[Round "2"]
[White "Rzepka, Piotr"]
[Black "Talim, Satish"]
[Result "1/2-1/2"]
[WhiteElo "1133"]
[BlackElo "1000"]
[PlyCount "36"]
[EventDate "2004.01.16"]
[EventType "tourn (corr)"]
[EventRounds "6"]
[SourceTitle "Corr 2008"]
[Source "ChessBase"]
[SourceDate "2008.06.24"]
[SourceVersion "1"]
[SourceVersionDate "2008.06.24"]
[SourceQuality "1"]

1. e4 e5 2. Nf3 Nf6 3. Nc3 Bb4 4. Nxe5 0-0 5. Nd3 Bxc3 6. dxc3 Nxe4 7. Be2 Re8 8. Be3 d6 9. 0-0 Nc6 10. Bf3 Qh4 11. a4 Bf5 12. Re1 a6 13. a5 Rac8 14. Ra4 Rcd8 15. Nb4 Ne5 16. Nd3 Nc6 17. Nb4 Ne5 18. Nd3 Nc6 1/2-1/2

[Event "IECC Swiss email"]
[Site "IECC email"]
[Date "2000.03.25"]
[Round "?"]
[White "Rzepka, Piotr"]
[Black "Mayer, Eduardo"]
[Result "0-1"]
[WhiteElo "1315"]
[BlackElo "1898"]
[PlyCount "38"]
[EventDate "2000.??.??"]
[EventType "tourn (corr)"]
[EventRounds "6"]
[SourceTitle "Corr 2008"]
[Source "ChessBase"]
[SourceDate "2008.06.24"]
[SourceVersion "1"]
[SourceVersionDate "2008.06.24"]
[SourceQuality "1"]

1. e4 e5 2. Nf3 Nc6 3. Bb5 a6 4. Ba4 Nf6 5. 0-0 Bc5 6. c3 b5 7. Bc2 d6 8. d4 Bb6 9. d5 Ne7 10. Bg5 Bg4 11. h3 Bd7 12. Bxf6 gxf6 13. a4 Rg8 14. Kh1 Ng6 15. Qd2 Nf4 16. Nh4 Qc8 17. Rg1 Bxh3 18. Nf5 Bxg2+ 19. Rxg2 Rxg2 0-1

[Event "IECC Swiss email"]
[Site "IECC email"]
[Date "2000.03.07"]
[Round "?"]
[White "Hassan, William"]
[Black "Rzepka, Piotr"]
[Result "1-0"]
[WhiteElo "1642"]
[BlackElo "1319"]
[PlyCount "43"]
[EventDate "2000.??.??"]
[EventType "tourn (corr)"]
[EventRounds "6"]
[SourceTitle "Corr 2008"]
[Source "ChessBase"]
[SourceDate "2008.06.24"]
[SourceVersion "1"]
[SourceVersionDate "2008.06.24"]
[SourceQuality "1"]

1. e4 e5 2. f4 exf4 3. Nf3 d5 4. exd5 Nf6 5. c4 c6 6. d4 Bb4+ 7. Nc3 0-0 8. Bxf4 cxd5 9. Be2 dxc4 10. Bxc4 Nd5 11. Bxd5 Bxc3+ 12. bxc3 Re8+ 13. Kf2 Qxd5 14. Qb3 Be6 15. Qxd5 Bxd5 16. Nd2 Nc6 17. c4 Be4 18. Rae1 Bf5 19. Rxe8+ Rxe8 20. d5 Nb4 21. Kg3 Re2 22. Kf3 1-0

[Event "IECC KO email"]
[Site "IECC email"]
[Date "1999.12.18"]
[Round "?"]
[White "Gorissen, Peter"]
[Black "Rzepka, Piotr"]
[Result "1-0"]
[WhiteElo "1387"]
[BlackElo "1282"]
[PlyCount "85"]
[EventDate "1999.??.??"]
[EventType "tourn (corr)"]
[EventRounds "6"]
[SourceTitle "Corr 2008"]
[Source "ChessBase"]
[SourceDate "2008.06.24"]
[SourceVersion "1"]
[SourceVersionDate "2008.06.24"]
[SourceQuality "1"]

1. d4 Nf6 2. c4 e6 3. Nc3 Bb4 4. Qc2 0-0 5. a3 Bxc3+ 6. Qxc3 b6 7. Bg5 Bb7 8. e3 d6 9. f3 h6 10. Bxf6 Qxf6 11. 0-0-0 Nc6 12. Bd3 Qg5 13. Rd2 Rae8 14. Nh3 Qf6 15. Bc2 Ne7 16. Nf2 Qg5 17. Ne4 Qh5 18. Ng3 Qh4 19. Ne4 Qh5 20. Qd3 Qf5 21. g4 Qg6 22. Qe2 f5 23. Nc3 d5 24. Rg1 Qf7 25. g5 hxg5 26. Rxg5 dxc4 27. Rd1 Nd5 28. Rdg1 Re7 29. Rxg7+ Qxg7 30. Rxg7+ Rxg7 31. Qxc4 Rg1+ 32. Nd1 Rf7 33. e4 Nf4 34. Qa4 a6 35. Qe8+ Rf8 36. Qd7 Rg7 37. Qa4 b5 38. Qb4 Ne2+ 39. Kd2 Rg2 40. Ne3 Rxh2 41. Nf1 Rg2 42. Ne3 Rf2 43. Ke1 1-0

[Event "IECC KO email"]
[Site "IECC email"]
[Date "1999.11.05"]
[Round "?"]
[White "Rzepka, Piotr"]
[Black "Che Ahmed, Che Hassan"]
[Result "1/2-1/2"]
[WhiteElo "1328"]
[BlackElo "1511"]
[PlyCount "80"]
[EventDate "1999.??.??"]
[EventType "tourn (corr)"]
[EventRounds "6"]
[SourceTitle "Corr 2008"]
[Source "ChessBase"]
[SourceDate "2008.06.24"]
[SourceVersion "1"]
[SourceVersionDate "2008.06.24"]
[SourceQuality "1"]

1. e4 c5 2. Nf3 e6 3. c3 Nc6 4. Bb5 a6 5. Ba4 b5 6. Bb3 d6 7. d4 cxd4 8. cxd4 Nf6 9. 0-0 Be7 10. Re1 0-0 11. d5 Na5 12. dxe6 fxe6 13. Nc3 Nc4 14. a4 Bd7 15. axb5 Bxb5 16. Nxb5 axb5 17. Rxa8 Qxa8 18. Bxc4 bxc4 19. Bg5 Qd8 20. Nd4 Qd7 21. Qe2 Rf7 22. Qxc4 Nxe4 23. Rxe4 d5 24. Qc6 Qxc6 25. Nxc6 Bxg5 26. Rxe6 Rc7 27. b4 Kf7 28. Rd6 Bf4 29. Rxd5 Rxc6 30. Rc5 Re6 31. g3 Bd6 32. Rh5 Bxb4 33. Rxh7 Be7 34. Rh5 Rd6 35. Kg2 Ke6 36. Rb5 Rd3 37. h4 Rc3 38. Kh3 Rf3 39. Kg2 Rd3 40. f4 Bf6 1/2-1/2

[Event "IECG TE.1999.P.00106 email"]
[Site "IECG email"]
[Date "1999.11.01"]
[Round "?"]
[White "Emonot, Philippe"]
[Black "Rzepka, Piotr"]
[Result "1-0"]
[WhiteElo "2095"]
[BlackElo "1296"]
[PlyCount "75"]
[EventDate "1999.11.01"]
[EventType "tourn (corr)"]
[EventRounds "8"]
[SourceTitle "Corr 2008"]
[Source "ChessBase"]
[SourceDate "2008.06.24"]
[SourceVersion "1"]
[SourceVersionDate "2008.06.24"]
[SourceQuality "1"]

1. d4 Nf6 2. c4 g6 3. Nc3 Bg7 4. e4 d6 5. f3 0-0 6. Be3 Nc6 7. Nge2 a6 8. Qd2 Re8 9. Nc1 e5 10. d5 Nd4 11. Nb3 Nxb3 12. axb3 c5 13. b4 cxb4 14. Na4 Nd7 15. Qxb4 a5 16. Qa3 f5 17. Bd3 fxe4 18. fxe4 Qh4+ 19. Bf2 Qg5 20. 0-0 Nf6 21. Bc2 Qd2 22. Qc3 Qxc3 23. Nxc3 Bd7 24. c5 dxc5 25. Bxc5 Bf8 26. Bb6 Kg7 27. Kh1 Bb4 28. Bd3 Bxc3 29. bxc3 a4 30. Rfb1 Rec8 31. Ra3 h6 32. c4 h5 33. Bg1 Rc7 34. d6 Rcc8 35. Rxb7 Kf8 36. c5 Rcb8 37. Rc7 Rc8 38. Rxc8+ 1-0

[Event "IECG TE.1999.P.00103 email"]
[Site "IECG email"]
[Date "1999.11.01"]
[Round "?"]
[White "Marfia, Jim"]
[Black "Rzepka, Piotr"]
[Result "1-0"]
[WhiteElo "2000"]
[BlackElo "1296"]
[PlyCount "77"]
[EventDate "1999.11.01"]
[EventType "tourn (corr)"]
[EventRounds "8"]
[SourceTitle "Corr 2008"]
[Source "ChessBase"]
[SourceDate "2008.06.24"]
[SourceVersion "1"]
[SourceVersionDate "2008.06.24"]
[SourceQuality "1"]

1. d4 Nf6 2. c4 g6 3. Nc3 Bg7 4. e4 d6 5. f3 0-0 6. Be3 Nc6 7. Nge2 a6 8. Qd2 Rb8 9. Rb1 Re8 10. b4 Nd7 11. Nc1 e5 12. d5 Nd4 13. Nb3 Qh4+ 14. Bf2 Nxb3 15. Rxb3 Qh6 16. Be3 Qh4+ 17. g3 Qd8 18. Be2 b5 19. cxb5 axb5 20. Bxb5 f5 21. 0-0 f4 22. Ba7 Rb7 23. Bf2 Rf8 24. g4 Nb6 25. a4 Bd7 26. Bc6 Rb8 27. Qd3 Bxc6 28. dxc6 Kh8 29. a5 Nc8 30. b5 Ne7 31. Rfb1 d5 32. Nxd5 Nxd5 33. Qxd5 Qf6 34. b6 Rbd8 35. Qc4 Qf7 36. Qxf7 Rxf7 37. b7 Rb8 38. a6 Rff8 39. a7 1-0

[Event "IECC Y2KO email"]
[Site "IECC email"]
[Date "1999.10.14"]
[Round "?"]
[White "Knaus, Erich"]
[Black "Rzepka, Piotr"]
[Result "1-0"]
[WhiteElo "1920"]
[BlackElo "1316"]
[PlyCount "59"]
[EventDate "1999.??.??"]
[EventType "tourn (corr)"]
[EventRounds "2"]
[SourceTitle "Corr 2008"]
[Source "ChessBase"]
[SourceDate "2008.06.24"]
[SourceVersion "1"]
[SourceVersionDate "2008.06.24"]
[SourceQuality "1"]

1. d4 Nf6 2. c4 e6 3. g3 d5 4. Bg2 dxc4 5. Qa4+ Nbd7 6. Qxc4 a6 7. Nf3 b5 8. Qc6 Ra7 9. Qc2 Bb7 10. 0-0 Be4 11. Qd1 Bd6 12. a4 Qb8 13. Nc3 b4 14. Nxe4 Nxe4 15. Ne5 Bxe5 16. dxe5 c5 17. Bxe4 0-0 18. Qc2 Kh8 19. b3 Qc7 20. f4 f6 21. Be3 f5 22. Bf3 g5 23. Qc4 gxf4 24. gxf4 Re8 25. Rad1 Rg8+ 26. Kh1 Re8 27. Rd6 Qc8 28. Rxe6 Rg8 29. Re7 a5 30. Qf7 1-0